<?xml version="1.0" encoding="UTF-8"?>
<record
    xmlns:xsi="http://www.w3.org/2001/XMLSchema-instance"
    xsi:schemaLocation="http://www.loc.gov/MARC21/slim http://www.loc.gov/standards/marcxml/schema/MARC21slim.xsd"
    xmlns="http://www.loc.gov/MARC21/slim">

  <leader>00449nam a22001577a 4500</leader>
  <controlfield tag="003">LRUA</controlfield>
  <controlfield tag="005">20251211144516.0</controlfield>
  <controlfield tag="008">251211b        xxu||||| |||| 00| 0 eng d</controlfield>
  <datafield tag="040" ind1=" " ind2=" ">
    <subfield code="c">RUA</subfield>
  </datafield>
  <datafield tag="082" ind1=" " ind2=" ">
    <subfield code="2">RE NB 2015 C-108 Or.1</subfield>
  </datafield>
  <datafield tag="100" ind1=" " ind2=" ">
    <subfield code="9">19176</subfield>
    <subfield code="a">Ngo Bunthan &#x1784;&#x17C9;&#x17C4; &#x1794;&#x17CA;&#x17BB;&#x1793;&#x1790;&#x17B6;&#x1793; </subfield>
  </datafield>
  <datafield tag="245" ind1=" " ind2=" ">
    <subfield code="a">Road toward Agriculture and Rural Development Enhancemen</subfield>
  </datafield>
  <datafield tag="260" ind1=" " ind2=" ">
    <subfield code="a">PHNOM PENH</subfield>
    <subfield code="b">RUA</subfield>
    <subfield code="c">2025</subfield>
  </datafield>
  <datafield tag="300" ind1=" " ind2=" ">
    <subfield code="a">x248p</subfield>
    <subfield code="b">vii</subfield>
    <subfield code="c">29cm</subfield>
  </datafield>
  <datafield tag="942" ind1=" " ind2=" ">
    <subfield code="2">ddc</subfield>
    <subfield code="c">REC</subfield>
  </datafield>
  <datafield tag="999" ind1=" " ind2=" ">
    <subfield code="c">25435</subfield>
    <subfield code="d">25435</subfield>
  </datafield>
  <datafield tag="952" ind1=" " ind2=" ">
    <subfield code="0">0</subfield>
    <subfield code="1">0</subfield>
    <subfield code="2">ddc</subfield>
    <subfield code="4">0</subfield>
    <subfield code="6">RE_NB_2015_000000000000000_C108_OR_1</subfield>
    <subfield code="7">0</subfield>
    <subfield code="9">105718</subfield>
    <subfield code="a">LBC</subfield>
    <subfield code="b">LBC</subfield>
    <subfield code="d">2025-12-11</subfield>
    <subfield code="o">RE NB 2015 C-108 Or.1</subfield>
    <subfield code="p">C034259</subfield>
    <subfield code="r">2025-12-11</subfield>
    <subfield code="w">2025-12-11</subfield>
    <subfield code="y">REC</subfield>
  </datafield>
  <datafield tag="952" ind1=" " ind2=" ">
    <subfield code="0">0</subfield>
    <subfield code="1">0</subfield>
    <subfield code="2">ddc</subfield>
    <subfield code="4">0</subfield>
    <subfield code="6">RE_NB_2015_000000000000000_C108_OR_2</subfield>
    <subfield code="7">0</subfield>
    <subfield code="9">105719</subfield>
    <subfield code="a">LBC</subfield>
    <subfield code="b">LBC</subfield>
    <subfield code="d">2025-12-11</subfield>
    <subfield code="o">RE NB 2015 C-108 Or.2</subfield>
    <subfield code="p">C034260</subfield>
    <subfield code="r">2025-12-11</subfield>
    <subfield code="w">2025-12-11</subfield>
    <subfield code="y">REC</subfield>
  </datafield>
  <datafield tag="952" ind1=" " ind2=" ">
    <subfield code="0">0</subfield>
    <subfield code="1">0</subfield>
    <subfield code="2">ddc</subfield>
    <subfield code="4">0</subfield>
    <subfield code="6">RE_NB_2015_000000000000000_C108_OR_3</subfield>
    <subfield code="7">0</subfield>
    <subfield code="9">105720</subfield>
    <subfield code="a">LBC</subfield>
    <subfield code="b">LBC</subfield>
    <subfield code="d">2025-12-11</subfield>
    <subfield code="o">RE NB 2015 C-108 Or.3</subfield>
    <subfield code="p">C034261</subfield>
    <subfield code="r">2025-12-11</subfield>
    <subfield code="w">2025-12-11</subfield>
    <subfield code="y">REC</subfield>
  </datafield>
</record>
